| 000 | 03047cam a22012374i 4500 | ||
|---|---|---|---|
| 003 | PE-LiUPU | ||
| 005 | 20250813185324.0 | ||
| 008 | 151217s2010 xx 000 0 spa d | ||
| 020 | _a8492774959 | ||
| 020 | _a9788492774951 | ||
| 035 | _a(Sirsi) i9788492774951 | ||
| 040 |
_aPE-LiUPU _bspa _cPE-LiUPU _erda |
||
| 049 | _aPRUA | ||
| 082 | 4 |
_a333.7 _BA66 |
|
| 100 | 1 | _aAranda Usón, Alfonso. | |
| 245 | 1 | 0 |
_aEcodiseño y análisis de ciclo de Vida / _cAlfonso Aranda Usón,. |
| 250 | _a1 Edición. | ||
| 264 |
_aZaragoza, España : _bUniversidad de Zaragoza _c2010 |
||
| 300 |
_a125 páginas. ; _c23 centímetros |
||
| 336 |
_atext _2rdacontent |
||
| 337 |
_aunmediated _2rdamedia |
||
| 338 |
_avolume _2rdacarrier |
||
| 504 | _aBibliografía: páginas. 121-123. | ||
| 505 | 0 | _aContexto energético actual. -- 2. El análisis de ciclo de Vida. Metodología. -- 3. Un ejemplo de como realizar un análisis de ciclo de Vida. | |
| 526 | _aP202 | ||
| 526 | _aP201 | ||
| 526 | _aP163 | ||
| 526 | _aP162 | ||
| 526 | _aP161 | ||
| 526 | _aP160 | ||
| 526 | _aP148 | ||
| 526 | _aP147 | ||
| 526 | _aP146 | ||
| 526 | _aP145 | ||
| 526 | _aP144 | ||
| 526 | _aP143 | ||
| 526 | _aP142 | ||
| 526 | _aP141 | ||
| 526 | _aP140 | ||
| 526 | _aP139 | ||
| 526 | _aP138 | ||
| 526 | _aP137 | ||
| 526 | _aP136 | ||
| 526 | _aP135 | ||
| 526 | _aP134 | ||
| 526 | _aP133 | ||
| 526 | _aP129 | ||
| 526 | _aP128 | ||
| 526 | _aP127 | ||
| 526 | _aP120 | ||
| 526 | _aP119 | ||
| 526 | _aP118 | ||
| 526 | _aP116 | ||
| 526 | _aP115 | ||
| 526 | _aP114 | ||
| 526 | _aP110 | ||
| 526 | _aP109 | ||
| 526 | _aP108 | ||
| 526 | _aP104 | ||
| 526 | _aP103 | ||
| 526 | _aP102 | ||
| 526 | _aP99 | ||
| 526 | _aP98 | ||
| 526 | _aP97 | ||
| 526 | _aP96 | ||
| 526 | _aP95 | ||
| 526 | _aP93 | ||
| 526 | _aP90 | ||
| 526 | _aP89 | ||
| 526 | _aP88 | ||
| 526 | _aP83 | ||
| 526 | _aP82 | ||
| 526 | _aP62 | ||
| 526 | _aP59 | ||
| 526 | _aP58 | ||
| 526 | _aP57 | ||
| 526 | _aP51 | ||
| 526 | _aP49 | ||
| 526 | _aP48 | ||
| 526 | _aP47 | ||
| 526 | _aP29 | ||
| 526 | _aP24 | ||
| 526 | _aP20 | ||
| 526 | _aP19 | ||
| 526 | _aP17 | ||
| 526 | _aP15 | ||
| 526 | _aP14 | ||
| 526 | _aP12 | ||
| 526 | _aP10 | ||
| 526 | _aP09 | ||
| 526 | _aP08 | ||
| 526 | _aP07 | ||
| 526 | _aP06 | ||
| 526 | _aP05 | ||
| 526 | _aP04 | ||
| 526 | _aP01 | ||
| 541 | _g0004-000119; | ||
| 650 | 4 | _aCICLO DE Vida DEL PRODUCTO. | |
| 650 | 4 | _aProductos ecológ̤icos. | |
| 910 |
_ajck _bbpc _cbpc _d20160511 |
||
| 942 |
_2ddc _cBOOK |
||
| 949 |
_a333.7 A66 _wDEWEY _c1 _i72811 _lCCODEBUL1 _mBUL _r0 _sY _tBOOK _u2016-4-13 _xINGENIERIA _PP24 _0COMPRA _o.STAFF. Colección General |
||
| 994 |
_aC0 _bPEPRU |
||
| 596 | _a1 | ||
| 999 |
_a333.7 A66 _wDEWEY _c9370 _i72811 _d9370 _f2021-11-9 _g7 _lCCODEBUL1 _mBUL _q2 _r0 _sY _tBOOK _u2016-4-13 _xINGENIERIA _PP24 _0COMPRA _o.STAFF. Colección General |
||
| 980 |
_81 _gALBERTO SANCHEZ Responsable de Automatización |
||